02256nam a2200265Ia 4500008004100000040001800041041000800059100004400067245011300111246025000224260006700474300013000541500026200671500026200933500025601195504002201451505025401473506002201727650004701749650001501796650004101811650005201852650006001904700002601964130821s1590 fr a gr spa  aCo-BoUCMbspa0 alat1 aBelarmino, RobertocCardenald1542-162110aDisputationum Roberti Bellarmini (...) De controversias christianae fidei adversus huius temporis haereticos13a[Controversias de la fe cristiana contra los herejes de este tiemponTomo Primeropdividido en siete controversias generales, en las que se aborda lo relacionado con las Sagradas Escrituras, la Tradición, las naturalezas de Cristo, el Sumo Pon aLion (Francia)bApud Claudium Michaelem [Claudio Michel]c1590 a3 v. ([40] páginas, 1894 cols. , [16] páginas, [1] h. en bl. ; [16] páginas, 1415 cols. , [61] páginasbilustraciones aDetalles físicos (Colección): Encuadernación en pergamino en regular estado de conservación, roturas en pergamino de la tapa superior. Sin guardas. Portada impresa en dos tintas, manchada y doblada, con un grabado y emblema alusivo a la Compañía aV.1: Se anexa obra del autor, sin portada. En la página que cubre el pergamino de la tapa delantera, se lee: "El Doctor Vásquez lo dono. Y murió en Panamá en la peste de bómito (sic) negro que ( )". En la portada se lee:"Arçobispo de Sta. Fe". Y0 aLos sacramentos en general (2 libros). ; El Bautismo (1 libro). ; La Confirmación (1 libro). ; La Eucaristía (4 libros). ; El Sacrificio de la Misa (2 libros). ; La Penitencia (4 libros). ; La Extremaunción (1 libro). ; El sacramento del Orden ( aIncluye índice.0 aControversias: 1. Lo que está escrito en la Escritura (y lo no escrito) sobre el Verbo de Dios. ; 2. Cristo, en cuanto cabeza de toda la Iglesia. ; 3. El Sumo Pontífice como Cabeza Suprema de la Iglesia Militante. ; 4. La Iglesia militante, cong aConsulta en sala. aÉtica cristianaxObras anteriores a 1800 aReligión aSacramentosxObras anteriores a 1800 aTeología dogmáticaxObras anteriores a 1800 aTeologíaxIglesia CatólicaxObras anteriores a 18001 aMichel, Claudioeimp.